日本とアメリカ協調と対立の構造

Sparad:
Bibliografiska uppgifter
Huvudupphovsman: 神谷不二(かみや ふじ)
Materialtyp: Bok
Språk:Undetermined
Publicerad: 東京 日本経済新聞社 1973
Ämnen:
Taggar: Lägg till en tagg
Inga taggar, Lägg till första taggen!
Thư viện lưu trữ: Trung tâm Học liệu Trường Đại học Cần Thơ
LEADER 00521nam a2200181Ia 4500
001 CTU_83234
008 210402s9999 xx 000 0 und d
082 |a 327 
082 |b K15 
100 |a 神谷不二(かみや ふじ) 
245 0 |a 日本とアメリカ協調と対立の構造 
245 0 |c 神谷不二 
260 |a 東京 
260 |b 日本経済新聞社 
260 |c 1973 
650 |a International Relations 
904 |i Ngoc, QHieu 
980 |a Trung tâm Học liệu Trường Đại học Cần Thơ